| 000 | 00814nam a22002417a 4500 | ||
|---|---|---|---|
| 005 | 20230617034000.0 | ||
| 008 | 230123b |||||||| |||| 00| 0 eng d | ||
| 020 | _a978-1-4522-5751-8 | ||
| 082 | _a658.477 Ul43 2015 | ||
| 100 |
_aUlmer, Robert R. _eauthor |
||
| 245 |
_aEffective crisis communication: _bmoving from crisis to opportunity / _cRobert R. Ulmer, Timothy L. Sellnow, Mathew W. Seeger |
||
| 250 | _a3rd ed. | ||
| 260 |
_aLos Angeles: _bSage, _cc2015. |
||
| 300 |
_axvii, 250p.: _bill. |
||
| 504 | _aIncludes references and index | ||
| 541 | _e5802 | ||
| 650 | _aCrisis management | ||
| 650 | _aEmergency - Management | ||
| 650 | _aCommunication in management | ||
| 650 | _aCommunication in organization | ||
| 700 |
_aSellnow, Timothy L. _eauthor |
||
| 700 |
_aSeeger, Matthew W. _eauthor |
||
| 999 |
_c613 _d613 |
||